The peoples of India / (Record no. 22746)

MARC details
000 -LEADER
fixed length control field 01062cam a22003131 4500
001 - CONTROL NUMBER
control field 7767074
003 - CONTROL NUMBER IDENTIFIER
control field BDDh-ASL
005 - DATE AND TIME OF LATEST TRANSACTION
control field 20231015030145.0
008 - FIXED-LENGTH DATA ELEMENTS--GENERAL INFORMATION
fixed length control field 770725s1913 enkbf b 001 0 eng
010 ## - LIBRARY OF CONGRESS CONTROL NUMBER
LC control number 14000061
035 ## - SYSTEM CONTROL NUMBER
System control number (OCoLC)3136190
040 ## - CATALOGING SOURCE
Original cataloging agency DLC
Transcribing agency MiMtpT
Modifying agency OCoLC
-- DLC
-- BDDh-ASL
042 ## - AUTHENTICATION CODE
Authentication code premarc
050 00 - LIBRARY OF CONGRESS CALL NUMBER
Classification number DS430
Item number .A6
082 ## - DEWEY DECIMAL CLASSIFICATION NUMBER
Classification number 954
Item number ANP
100 1# - MAIN ENTRY--PERSONAL NAME
Personal name Anderson, J. D.
Fuller form of name (James Drummond),
Dates associated with a name 1852-1920.
245 14 - TITLE STATEMENT
Title The peoples of India /
Statement of responsibility, etc. by J.D. Anderson ...
260 ## - PUBLICATION, DISTRIBUTION, ETC.
Place of publication, distribution, etc. Cambridge,
Name of publisher, distributor, etc. University Press;
Place of publication, distribution, etc. New York,
Name of publisher, distributor, etc. G.P. Putnam's Sons,
Date of publication, distribution, etc. 1913.
300 ## - PHYSICAL DESCRIPTION
Extent x, [2], 118 p. :
Other physical details front., vii pl., 2 fold. maps.
Dimensions 17 cm.
440 #4 - SERIES STATEMENT/ADDED ENTRY--TITLE
Title The Cambridge manuals of science and literature
504 ## - BIBLIOGRAPHY, ETC. NOTE
Bibliography, etc. note Bibliography: p. [113]-114.
505 0# - FORMATTED CONTENTS NOTE
Formatted contents note I. Race and caste.--II. The languages of India.--III. The religions of India.
650 #0 - SUBJECT ADDED ENTRY--TOPICAL TERM
Topical term or geographic name entry element Ethnology
Geographic subdivision India.
650 #0 - SUBJECT ADDED ENTRY--TOPICAL TERM
Topical term or geographic name entry element Caste
Geographic subdivision India.
651 #0 - SUBJECT ADDED ENTRY--GEOGRAPHIC NAME
Geographic name India
General subdivision Languages.
651 #0 - SUBJECT ADDED ENTRY--GEOGRAPHIC NAME
Geographic name India
General subdivision Religion.
906 ## - LOCAL DATA ELEMENT F, LDF (RLIN)
a 7
b cbc
c oclcrpl
d u
e ncip
f 19
g y-gencatlg
942 ## - ADDED ENTRY ELEMENTS (KOHA)
Source of classification or shelving scheme Dewey Decimal Classification
Koha item type Books
Holdings
Withdrawn status Lost status Source of classification or shelving scheme Damaged status Not for loan Collection code Home library Current library Shelving location Date acquired Source of acquisition Total Checkouts Full call number Barcode Date last seen Copy number Price effective from Koha item type Public note
    Dewey Decimal Classification Damaged Not For Loan Non-fiction Asiatic Society Library Asiatic Society Library General Stacks 03/06/2021 ASB Library Collections   954 ANP 107049 03/06/2021 C-1 03/06/2021 Books RARE

Powered by Koha